00262 a2200133 4500245004600000100001700046260000900063300001100072035000900083035000900092035000900101035000900110035000900119 aGuide pratique de la médecine d'urgence aVirenque, C. c1985 a194 p. a3061 a3058 a3059 a3057 a3060